| 000 | 008110000a22002530004500 | ||
|---|---|---|---|
| 001 | 51382 | ||
| 010 |
_a978-972-47-3244-2 _d_ 6.99 |
||
| 021 |
_aPT _b246863/06 |
||
| 100 | _a20100715d2010 k y0pory5003 ba | ||
| 101 | 0 | _apor | |
| 102 | _aPT | ||
| 200 | 1 |
_aO livro que falava com o vento e outros contos _fJosé Jorge Letria _gil. de Alain Corbel |
|
| 210 |
_aLisboa _cTexto _d2006 |
||
| 215 |
_a63 p. _cil. _d21 cm |
||
| 225 | 2 |
_aSérie vermelha _v1 |
|
| 606 |
_aLiteratura para crianças e jovens _xconto |
||
| 675 |
_a821.134.3-34 _vBN _zpor |
||
| 675 |
_a087.5 _vBN _zpor |
||
| 700 | 1 |
_aLetria _bJosé Jorge _f1951- |
|
| 702 | 1 |
_915003 _4440 _aCorbel _bAlain _f1965- |
|
| 801 |
_aPT _c20100715 |
||
| 090 | _a51382 | ||
| 942 |
_cMON _n0 |
||
| 999 | _a51382 | ||